[Event "8th Asrian Memorial 2015"]
[Site "Yerevan ARM"]
[Date "2015.06.18"]
[Round "3.8"]
[White "Krasenkow, Michal"]
[Black "Martirosyan, Haik M."]
[Result "1/2-1/2"]
[WhiteTitle "GM"]
[BlackTitle "FM"]
[WhiteElo "2604"]
[BlackElo "2344"]
[WhiteFideId "1113100"]
[BlackFideId "13306553"]
[EventDate "2015.06.16"]

1. d4 Nf6 2. Nf3 e6 3. g3 b5 4. Qd3 a6 5. e4 Bb7 6. e5 Nd5 7. Bg2 Be7 8. O-O O-O
9. a4 b4 10. a5 d6 11. Nbd2 Nd7 12. Nc4 Bc6 13. Re1 Bb5 14. Bf1 Re8 15. Qe4 Nf8
16. Qg4 Qd7 17. h4 Qc6 18. Nfd2 Nd7 19. h5 Bf8 20. Bd3 dxe5 21. dxe5 Nc5 22. Ne4
Nxd3 23. cxd3 Kh8 24. Ng5 Re7 25. Qe4 f5 26. exf6 gxf6 27. Nf3 Qe8 28. Qh4 Rd8
29. Bd2 Qf7 30. Re4 Be8 31. h6 Qh5 32. Qxh5 Bxh5 33. Nd4 Rde8 34. Rae1 Bg6 35.
Nc6 Rd7 36. Rxe6 Rxe6 37. Rxe6 Bxd3 38. Ne3 Nxe3 39. Re8 Rf7 40. Nd8 Kg8 41.
Nxf7 Kxf7 42. Rxe3 Bb5 43. Re1 c5 44. b3 Bd3 45. Be3 c4 46. bxc4 b3 47. Bd4 Ba3
48. Re3 Bxc4 49. Rf3 b2 50. Rxf6+ Kg8 51. Rb6 Bb5 52. Bxb2 Bxb2 53. g4 Bc3 54.
g5 Bxa5 55. Rb7 Bd3 56. f4 Bd2 57. Rd7 Be3+ 58. Kg2 Bf5 59. Rg7+ Kf8 60. Kf3 Bd4
61. Rb7 Bc3 62. Ke3 a5 63. Rb5 Bd7 64. Rb8+ Ke7 65. Kd3 Ba1 66. Kc4 a4 67. Rb1
Bh8 68. Kb4 Kf7 69. Rc1 Bb2 70. Rc7 Ke8 71. Ra7 a3 72. g6 hxg6 73. h7 Kf8 74.
Ra8+ Kf7 75. h8=Q Bxh8 76. Rxh8 a2 77. Ra8 Be6 78. Kc3 Kf6 79. Ra5 Bd5 80. Kd4
Bb3 81. Ra6+ Kf5 82. Ke3 Bc4 83. Ra5+ Kf6 84. Ke4 Ke6 85. Kf3 Kf6 86. Ke4 Ke6
87. Kd4 Bb3 88. Kc3 Bd5 89. Kb2 Bc4 90. Rc5 Bd5 91. Ka1 Bb3 92. Rb5 Bc4 93. Rb4
Bd5 94. Rd4 Bb3 95. Rd3 Bc4 96. Rc3 Bd5 97. Re3+ 1/2-1/2

[Event "8th Asrian Memorial 2015"]
[Site "Yerevan ARM"]
[Date "2015.06.18"]
[Round "3.9"]
[White "Andriasian, Zaven"]
[Black "Manukyan, Sargis V."]
[Result "1/2-1/2"]
[WhiteTitle "GM"]
[BlackTitle "FM"]
[WhiteElo "2600"]
[BlackElo "2296"]
[WhiteFideId "13302000"]
[BlackFideId "13303465"]
[EventDate "2015.06.16"]

1. Nf3 d5 2. c4 e6 3. g3 Nf6 4. Bg2 Be7 5. O-O O-O 6. d4 dxc4 7. Qc2 a6 8. a4
Bd7 9. Rd1 Bc6 10. Bg5 b5 11. Bxf6 Bxf6 12. Nc3 Qe8 13. e4 b4 14. Nb1 Qc8 15.
Nbd2 Qb7 16. Qxc4 Rd8 17. Nb3 a5 18. Nc5 Qb6 19. Rac1 Be8 20. h4 Na6 21. e5 Be7
22. Ng5 Nxc5 23. dxc5 Qa7 24. Bxa8 Rxd1+ 25. Rxd1 Qxa8 26. b3 Bc6 27. Qd3 g6 28.
Qe3 h6 29. Nh3 1/2-1/2

[Event "8th Asrian Memorial 2015"]
[Site "Yerevan ARM"]
[Date "2015.06.18"]
[Round "3.10"]
[White "Torosyan, Norayr"]
[Black "Ter-Sahakyan, Samvel"]
[Result "0-1"]
[BlackTitle "GM"]
[WhiteElo "2336"]
[BlackElo "2586"]
[WhiteFideId "13300431"]
[BlackFideId "13302531"]
[EventDate "2015.06.16"]

1. d4 d5 2. c4 c6 3. Nf3 Nf6 4. e3 e6 5. Nc3 Nbd7 6. Qc2 Bd6 7. Bd3 O-O 8. O-O
dxc4 9. Bxc4 e5 10. h3 Qc7 11. b3 h6 12. Bb2 Re8 13. Be2 exd4 14. Nxd4 Ne5 15.
Rad1 a6 16. Kh1 Bd7 17. Nf5 Bf8 18. Ng3 Rad8 19. Nh5 Nxh5 20. Bxh5 Qc8 21. f4
Bf5 22. e4 Bg6 23. Be2 Nd7 24. Bg4 h5 25. Bxd7 Rxd7 26. f5 Bh7 27. Rde1 Qd8 28.
Bc1 Qh4 29. Rd1 Rxd1 30. Qxd1 Bb4 31. Rf4 Qg3 32. Ne2 Qe1+ 33. Qxe1 Bxe1 34. Rf1
Ba5 35. Nf4 h4 36. Rd1 Rxe4 37. b4 Bb6 0-1

[Event "8th Asrian Memorial 2015"]
[Site "Yerevan ARM"]
[Date "2015.06.18"]
[Round "3.11"]
[White "Zhigalko, Andrey"]
[Black "Bakunts, Rafael"]
[Result "1/2-1/2"]
[WhiteTitle "GM"]
[WhiteElo "2586"]
[BlackElo "2270"]
[WhiteFideId "13502247"]
[BlackFideId "13304097"]
[EventDate "2015.06.16"]

1. e4 e5 2. Nf3 Nc6 3. Bc4 Bc5 4. O-O Nf6 5. d3 O-O 6. Nbd2 d6 7. c3 a6 8. Bb3
Ba7 9. h3 Ne7 10. Re1 Ng6 11. Nf1 Be6 12. d4 Re8 13. Ng3 h6 14. Bc2 c6 15. Be3
Qc7 16. Qe2 b5 17. a4 Bb6 18. Rad1 Rad8 19. Rd2 Nf4 20. Qd1 c5 21. b4 cxd4 22.
cxd4 Ng6 23. Bd3 Bd7 24. axb5 axb5 25. Rc2 Qb8 26. Qd2 Rc8 27. Rxc8 Rxc8 28. Nf5
Bxf5 29. exf5 Ne7 30. dxe5 Bxe3 31. Rxe3 dxe5 32. Rxe5 Ned5 33. Bf1 Rd8 34. Re1
Re8 35. Rc1 Rd8 36. Nd4 Ne4 37. Qe1 Qf4 38. Rc2 Ndc3 39. Ne2 Nxe2+ 40. Rxe2 Rd4
41. Re3 Nf6 42. g3 Qd6 43. Rb3 Re4 44. Qc3 Qd1 45. Qd3 Qxd3 46. Bxd3 Rd4 47.
Bxb5 Nd5 48. Bc6 Nxb4 49. Bg2 Kf8 50. Kf1 Ke7 51. Ke2 Kf6 52. g4 h5 53. gxh5
Kxf5 54. Rf3+ Ke6 55. Rg3 Kf6 56. Rg4 Nc2 57. Be4 Nb4 58. Ke3 Rd6 59. Rf4+ Ke7
60. Rf5 Nc6 61. Rg5 Kf6 62. Rf5+ Ke7 63. f4 Nd8 64. h4 Ra6 65. Re5+ Kf6 66. Rd5
Ra3+ 67. Bd3 Ne6 68. f5 Nf8 69. Rd6+ Ke7 70. f6+ gxf6 71. Rd5 Ra4 72. Be4 Ra3+
73. Bd3 Ra4 74. Be4 Ra3+ 75. Rd3 1/2-1/2

[Event "8th Asrian Memorial 2015"]
[Site "Yerevan ARM"]
[Date "2015.06.18"]
[Round "3.13"]
[White "Harutyunian, Tigran K."]
[Black "Gevorgyan, Maria"]
[Result "1-0"]
[WhiteTitle "IM"]
[BlackTitle "WFM"]
[WhiteElo "2472"]
[BlackElo "2235"]
[WhiteFideId "13303635"]
[BlackFideId "13300270"]
[EventDate "2015.06.16"]

1. Nf3 d5 2. g3 c5 3. Bg2 Nc6 4. d4 Bg4 5. Ne5 Bf5 6. Nxc6 bxc6 7. c4 e6 8. Nc3
Nf6 9. O-O Rc8 10. Bg5 h6 11. Bxf6 Qxf6 12. cxd5 exd5 13. e4 dxe4 14. Bxe4 Be7
15. Re1 Be6 16. Bxc6+ Rxc6 17. Qa4 O-O 18. Qxc6 Qxd4 19. Rad1 Qg4 20. Nd5 Bg5
21. f4 Rc8 22. Qb7 Bxd5 23. Rxd5 Bf6 24. Kg2 Bd4 25. h3 1-0

[Event "8th Asrian Memorial 2015"]
[Site "Yerevan ARM"]
[Date "2015.06.18"]
[Round "3.14"]
[White "Shahinyan, David"]
[Black "Mari Ooriad, Pouya"]
[Result "1/2-1/2"]
[WhiteTitle "FM"]
[WhiteElo "2455"]
[BlackElo "2200"]
[WhiteFideId "13304380"]
[BlackFideId "12504726"]
[EventDate "2015.06.16"]

1. c4 c6 2. Nf3 Nf6 3. g3 d5 4. Bg2 Bf5 5. O-O e6 6. cxd5 cxd5 7. Qb3 Qc8 8. d3
Nc6 9. Bf4 Be7 10. Rc1 Qd7 11. Ne5 Nxe5 12. Bxe5 O-O 13. Rc7 Qd8 14. Rxb7 Nd7
15. d4 Nxe5 16. dxe5 Bc5 17. Nc3 Rb8 18. Rd1 Bb6 19. Rxb8 Qxb8 20. Na4 Qxe5 21.
Nxb6 axb6 22. Bf3 Qc7 23. Qb4 Qc6 24. Qf4 Rc8 25. Bxd5 Qc2 26. Bb3 Qxe2 27. Qd2
Qxd2 28. Rxd2 Kf8 29. f3 Ke7 30. Kf2 g5 31. Ke3 Rc5 32. Rd4 h6 33. a4 Rc6 34.
Bd1 e5 35. Rd5 f6 36. Rb5 Rd6 37. Be2 Bd7 38. Rb4 Kd8 39. Bd3 Kc7 40. g4 Bc6 41.
Be4 Rd4 42. Rxd4 1/2-1/2

[Event "8th Asrian Memorial 2015"]
[Site "Yerevan ARM"]
[Date "2015.06.18"]
[Round "3.15"]
[White "Sargsyan, Shant"]
[Black "Hayrapetyan, Hovik"]
[Result "0-1"]
[WhiteTitle "CM"]
[BlackTitle "GM"]
[WhiteElo "2256"]
[BlackElo "2436"]
[WhiteFideId "13306766"]
[BlackFideId "13302639"]
[EventDate "2015.06.16"]

1. d4 g6 2. c4 Bg7 3. Nf3 Nf6 4. Nc3 d5 5. cxd5 Nxd5 6. e4 Nxc3 7. bxc3 c5 8.
Be3 O-O 9. Qd2 b6 10. Rd1 cxd4 11. cxd4 Bb7 12. d5 Nd7 13. Bd3 Rc8 14. O-O Nc5
15. Bc2 Ba6 16. Bxc5 Bxf1 17. Bxe7 Qxe7 18. d6 Qe6 19. d7 Bxg2 20. Kxg2 Qg4+ 21.
Kf1 Qxf3 22. dxc8=Q Rxc8 23. Qd3 Qh1+ 24. Ke2 Qxh2 25. Bb3 Qf4 26. Qf3 Qxf3+ 27.
Kxf3 Rc7 28. Rd8+ Bf8 29. e5 Kg7 30. Ke4 Be7 31. Rd1 b5 32. f4 f5+ 33. exf6+
Kxf6 34. Rd5 a6 35. Re5 Rc6 36. Kf3 Rb6 37. Ke3 a5 38. a4 bxa4 39. Bxa4 Re6 40.
Rxe6+ Kxe6 41. Bc2 Kf6 42. Kf3 Bd6 43. Bb3 h5 44. Ba4 h4 45. Bd7 Ke7 46. Bc8 a4
47. f5 a3 48. fxg6 Be5 0-1

[Event "8th Asrian Memorial 2015"]
[Site "Yerevan ARM"]
[Date "2015.06.18"]
[Round "3.18"]
[White "Eranyan, Khachatur"]
[Black "Petrosyan, Manuel"]
[Result "0-1"]
[BlackTitle "IM"]
[WhiteElo "2112"]
[BlackElo "2449"]
[WhiteFideId "13300342"]
[BlackFideId "13300857"]
[EventDate "2015.06.16"]

1. d4 Nf6 2. e3 g6 3. b3 Bg7 4. Bb2 O-O 5. Nd2 d6 6. Bd3 Nbd7 7. Ngf3 Re8 8. O-O
e5 9. Ng5 d5 10. e4 h6 11. Nxf7 Kxf7 12. f4 exf4 13. e5 g5 14. g3 Kg8 15. gxf4
Ng4 16. f5 Ngf6 17. Qf3 c6 18. Rae1 Qa5 19. exf6 Rxe1 20. Rxe1 Nxf6 21. Re2 Bd7
22. a4 Be8 23. Qg3 Bf7 24. Nf3 Nh5 25. Qd6 Nf4 26. Re7 Rd8 27. Qc7 Qxc7 28. Rxc7
Bh5 29. Ne5 Nxd3 30. cxd3 Rf8 31. Rxb7 Rxf5 32. Nxc6 Kh7 33. Ne7 Rf3 34. Nxd5
Bg4 35. Kg2 Rxd3 36. Nf6+ Kg6 37. Nxg4 Rd2+ 38. Kf3 Rxb2 39. d5 h5 0-1

[Event "8th Asrian Memorial 2015"]
[Site "Yerevan ARM"]
[Date "2015.06.18"]
[Round "3.19"]
[White "Vuilleumier, Alexandre"]
[Black "Mesropian, Khachatur"]
[Result "1/2-1/2"]
[WhiteTitle "IM"]
[WhiteElo "2354"]
[BlackElo "2106"]
[WhiteFideId "1305662"]
[BlackFideId "13301390"]
[EventDate "2015.06.16"]

1. d4 Nf6 2. Bg5 e6 3. e4 c5 4. d5 d6 5. Bxf6 Qxf6 6. Nc3 a6 7. a4 b6 8. Bc4 Qg6
9. Kf1 e5 10. Nge2 f5 11. exf5 Bxf5 12. Bd3 Bxd3 13. Qxd3 Qxd3 14. cxd3 Be7 15.
Ng3 O-O 16. Ke2 Nd7 17. Nge4 Nf6 18. Nxf6+ Rxf6 19. Ne4 Rff8 20. Rhb1 a5 21. Ra3
Rab8 22. Rb3 Kf7 23. Rb5 Ke8 24. Rc1 Kd7 25. Rc3 Kc7 26. Rcb3 h6 27. g3 Rb7 28.
Nd2 Rfb8 29. Nc4 g5 30. g4 Bf6 31. f3 Be7 32. Ke3 Bd8 33. Ke4 Kd7 34. Kf5 Bc7
35. Kg6 Rg8+ 36. Kh7 Rbb8 37. Rxb6 Rh8+ 38. Kg7 Rhg8+ 39. Kh7 Rh8+ 40. Kg7 Rbg8+
41. Kf7 Rf8+ 42. Kg6 Rhg8+ 43. Kxh6 Rxf3 44. Kh7 Rgf8 45. Rc6 R3f6 46. Rb7 R8f7+
47. Kg8 Rf8+ 48. Kg7 R8f7+ 49. Kg8 Rf8+ 1/2-1/2

[Event "8th Asrian Memorial 2015"]
[Site "Yerevan ARM"]
[Date "2015.06.18"]
[Round "3.20"]
[White "Mnatsakanian, Eduard A"]
[Black "Hambardzumian, Yuri"]
[Result "1/2-1/2"]
[WhiteTitle "IM"]
[BlackTitle "IM"]
[WhiteElo "2101"]
[BlackElo "2322"]
[WhiteFideId "13300083"]
[BlackFideId "13302795"]
[EventDate "2015.06.16"]

1. e4 c5 2. Nf3 e6 3. d4 cxd4 4. Nxd4 Nc6 5. Nc3 d6 6. g3 a6 7. Bg2 Bd7 8. O-O
Be7 9. b3 Nxd4 10. Qxd4 Bf6 11. Qd3 Rc8 12. Bb2 Qc7 13. Nd1 Qxc2 14. Qxc2 Rxc2
15. e5 Bxe5 16. Bxe5 dxe5 17. Bxb7 Bb5 18. Re1 Nf6 19. Rxe5 Nd7 20. Re3 Nc5 21.
Bg2 Ke7 22. Rc3 Rxc3 23. Nxc3 Bd7 24. Ne4 Rc8 25. Rc1 Nxe4 26. Rxc8 Bxc8 27.
Bxe4 Kd6 28. Kf1 f5 29. Bd3 Kc5 30. Ke2 e5 31. Kd2 Kd4 32. b4 g5 33. a4 e4 34.
Bf1 f4 35. gxf4 gxf4 36. a5 e3+ 37. fxe3+ fxe3+ 38. Ke1 Kc3 39. b5 axb5 40. Bxb5
Kb4 41. Bd3 1/2-1/2

[Event "8th Asrian Memorial 2015"]
[Site "Yerevan ARM"]
[Date "2015.06.18"]
[Round "3.24"]
[White "Mkrtchyan, Sargis R."]
[Black "Hakobyan, Aram"]
[Result "0-1"]
[BlackTitle "FM"]
[WhiteElo "2085"]
[BlackElo "2283"]
[WhiteFideId "13307878"]
[BlackFideId "13306677"]
[EventDate "2015.06.16"]

1. e4 c5 2. Nf3 e6 3. Nc3 a6 4. d4 cxd4 5. Nxd4 b5 6. Bd3 Bb7 7. O-O Ne7 8. Re1
Nbc6 9. Nxc6 Bxc6 10. Qh5 Ng6 11. Bd2 Qb8 12. a4 bxa4 13. e5 Be7 14. Nxa4 O-O
15. Re3 Bxg2 16. Rg3 Bc6 17. Rh3 h6 18. Rg3 Bh4 19. Rh3 Qxe5 20. Rxh4 Nxh4 21.
Qxh4 Qd5 22. f3 Qxf3 23. Bf1 f5 24. Nb6 Rf6 25. Qg3 Qh1+ 26. Kf2 f4 27. Qh3 Rb8
28. Rxa6 Rg6 29. Nc4 Qg1+ 30. Ke1 Bb5 31. Qb3 Rg2 0-1

[Event "8th Asrian Memorial 2015"]
[Site "Yerevan ARM"]
[Date "2015.06.19"]
[Round "4.1"]
[White "Efimenko, Zahar"]
[Black "Hovhannisyan, Robert"]
[Result "1/2-1/2"]
[WhiteTitle "GM"]
[BlackTitle "GM"]
[WhiteElo "2647"]
[BlackElo "2599"]
[WhiteFideId "14107201"]
[BlackFideId "13302507"]
[EventDate "2015.06.16"]

1. e4 e5 2. Nf3 Nc6 3. Bb5 Nf6 4. d3 Bc5 5. O-O Nd4 6. Nxd4 Bxd4 7. c3 Bb6 8.
Na3 O-O 9. Bg5 d5 10. exd5 Qxd5 11. Bc4 Qd6 12. Bb3 Bf5 13. Nc4 Qxd3 14. Nxe5
Qxd1 15. Raxd1 Rae8 16. Nc4 Bg4 17. Rc1 Be2 1/2-1/2

[Event "8th Asrian Memorial 2015"]
[Site "Yerevan ARM"]
[Date "2015.06.19"]
[Round "4.2"]
[White "Petrosyan, Tigran S."]
[Black "Khismatullin, Denis"]
[Result "0-1"]
[WhiteTitle "IM"]
[BlackTitle "GM"]
[WhiteElo "2423"]
[BlackElo "2646"]
[WhiteFideId "13303678"]
[BlackFideId "4142578"]
[EventDate "2015.06.16"]

1. e4 c5 2. Nf3 d6 3. Bb5+ Nd7 4. d4 Nf6 5. Nc3 cxd4 6. Qxd4 e5 7. Qd3 h6 8. Nd2
a6 9. Bxd7+ Nxd7 10. Nc4 Nc5 11. Qf3 Be6 12. Ne3 g6 13. h4 Be7 14. h5 Bg5 15.
Ned5 Bxc1 16. Nf6+ Kf8 17. Rxc1 Kg7 18. Ncd5 Nd7 19. Nxd7 Bxd5 20. Nxe5 Qa5+ 21.
c3 Rae8 22. O-O Rxe5 23. exd5 Rxh5 24. c4 Re8 25. a3 Qd8 26. g3 Rhe5 27. b4 h5
28. Qc3 Qf6 29. Qd4 h4 30. Qxh4 Qf3 31. Qf4 Qxa3 32. Qd4 Qf3 33. Qc3 Qf6 34. Kg2
b5 35. cxb5 axb5 36. Qd3 Re2 37. Rc7 Rb2 38. Rd7 Re5 39. Qd4 Rf5 40. Qe3 Rxd5
41. Rh1 g5 42. Rd8 Re5 43. Qb6 Rxf2+ 44. Qxf2 Qxd8 0-1

[Event "8th Asrian Memorial 2015"]
[Site "Yerevan ARM"]
[Date "2015.06.19"]
[Round "4.3"]
[White "Pashikian, Arman"]
[Black "Baghdasaryan, Vahe"]
[Result "1-0"]
[WhiteTitle "GM"]
[BlackTitle "IM"]
[WhiteElo "2604"]
[BlackElo "2402"]
[WhiteFideId "13301578"]
[BlackFideId "13303139"]
[EventDate "2015.06.16"]

1. d4 e6 2. Nf3 f5 3. g3 b5 4. d5 Bb7 5. dxe6 dxe6 6. Qxd8+ Kxd8 7. Bg2 Bd6 8.
O-O Ke7 9. a4 a6 10. axb5 axb5 11. Rxa8 Bxa8 12. Nc3 b4 13. Nb5 Nf6 14. Bd2 Nc6
15. Ra1 Ne4 16. Be3 Kf6 17. Nd2 Ne7 18. Nc4 Bd5 19. Ncxd6 Nxd6 20. Nxc7 Bxg2 21.
Bc5 Be4 22. Bxd6 Rc8 23. Ra5 Nc6 24. Rc5 Rd8 25. Nb5 Kg6 26. f3 Bd5 27. Kf2 Na5
28. Bf4 Kf6 29. Nc7 Nb7 30. Rb5 Bc6 31. Rb6 Na5 32. Bg5+ 1-0

[Event "8th Asrian Memorial 2015"]
[Site "Yerevan ARM"]
[Date "2015.06.19"]
[Round "4.4"]
[White "Hayrapetyan, Hovik"]
[Black "Areshchenko, Alexander"]
[Result "1/2-1/2"]
[WhiteTitle "GM"]
[BlackTitle "GM"]
[WhiteElo "2436"]
[BlackElo "2656"]
[WhiteFideId "13302639"]
[BlackFideId "14109530"]
[EventDate "2015.06.16"]

1. d4 Nf6 2. c4 g6 3. Nc3 d5 4. cxd5 Nxd5 5. e4 Nxc3 6. bxc3 Bg7 7. Nf3 c5 8.
Rb1 O-O 9. Be2 cxd4 10. cxd4 Qa5+ 11. Bd2 Qxa2 12. O-O Bg4 13. Rxb7 Bxf3 14.
Bxf3 Bxd4 15. Bb4 Rd8 16. Qc1 Na6 17. Bxe7 Rac8 18. Qb1 Qxb1 1/2-1/2

[Event "8th Asrian Memorial 2015"]
[Site "Yerevan ARM"]
[Date "2015.06.19"]
[Round "4.5"]
[White "Ter-Sahakyan, Samvel"]
[Black "Harutyunian, Tigran K."]
[Result "1-0"]
[WhiteTitle "GM"]
[BlackTitle "IM"]
[WhiteElo "2586"]
[BlackElo "2472"]
[WhiteFideId "13302531"]
[BlackFideId "13303635"]
[EventDate "2015.06.16"]

1. e4 e5 2. Nf3 Nc6 3. Bb5 Nf6 4. d3 Bc5 5. O-O d6 6. Re1 O-O 7. Bxc6 bxc6 8. h3
h6 9. Be3 Bxe3 10. Rxe3 Rb8 11. b3 c5 12. Nbd2 Nh7 13. c3 f5 14. d4 fxe4 15.
Nxe4 cxd4 16. cxd4 d5 17. Nc5 e4 18. Ne5 Rb6 19. Qe2 Ng5 20. f3 Rf4 21. fxe4
dxe4 22. Rd1 Rd6 23. Rd2 Rf8 24. Nxe4 Ba6 25. Qg4 Nxe4 26. Qxe4 c5 27. Nf3 cxd4
28. Rxd4 Rxf3 29. Qe6+ Kh7 30. Rxd6 Rf1+ 31. Kh2 Qc7 32. Qg6+ 1-0

[Event "8th Asrian Memorial 2015"]
[Site "Yerevan ARM"]
[Date "2015.06.19"]
[Round "4.6"]
[White "Oleksiyenko, Mykhaylo"]
[Black "Chibukhchian, Artur"]
[Result "1-0"]
[WhiteTitle "GM"]
[BlackTitle "GM"]
[WhiteElo "2629"]
[BlackElo "2423"]
[WhiteFideId "4152417"]
[BlackFideId "13300717"]
[EventDate "2015.06.16"]

1. e4 c6 2. d4 d5 3. e5 Bf5 4. Nf3 e6 5. Be2 Nd7 6. O-O Ne7 7. Nbd2 Nc8 8. Nb3
Be7 9. a4 O-O 10. a5 a6 11. Be3 Na7 12. Bd3 Bg4 13. h3 Bh5 14. g4 Bg6 15. Nc5
Nxc5 16. dxc5 Nb5 17. c3 Qc7 18. Bd4 Rae8 19. b4 f5 20. Ne1 Nxd4 21. cxd4 Bd8
22. f4 h6 23. Ng2 Qf7 24. Qb1 Kh8 25. Kf2 Bh7 26. Ke1 Rg8 27. Kd2 g6 28. Kc3 Rg7
29. Ne3 Rf8 30. Ra2 Qe7 31. Rg2 Qf7 32. Rfg1 Rfg8 33. Qd1 Be7 34. Be2 Rf8 35. g5
h5 36. Nf1 Qe8 37. Ng3 Bg8 38. Bxh5 gxh5 39. Nxh5 Rg6 40. Nf6 Qd8 41. Qh5+ Kg7
42. h4 Qc8 43. Qe2 Kh8 44. h5 Rg7 45. g6 Rxf6 46. exf6 Bxf6 47. h6 Re7 48. Qh5
Qe8 49. h7 Bg7 50. Re2 Qb8 51. Qh4 Qe8 52. Rge1 Qd7 53. Kd3 Qe8 54. hxg8=Q+ Kxg8
55. Rh1 Rd7 56. Qg5 Re7 57. Rh7 Qf8 58. Reh2 Bf6 59. g7 1-0

[Event "8th Asrian Memorial 2015"]
[Site "Yerevan ARM"]
[Date "2015.06.19"]
[Round "4.8"]
[White "Manukyan, Sargis V."]
[Black "Krasenkow, Michal"]
[Result "0-1"]
[WhiteTitle "FM"]
[BlackTitle "GM"]
[WhiteElo "2296"]
[BlackElo "2604"]
[WhiteFideId "13303465"]
[BlackFideId "1113100"]
[EventDate "2015.06.16"]

1. d4 d6 2. Nf3 Bg4 3. c4 Nd7 4. Nc3 e5 5. d5 Be7 6. Nd2 Bg5 7. h3 Bh5 8. g4 Bg6
9. e3 h5 10. Nde4 hxg4 11. Qxg4 Bh4 12. Be2 Ne7 13. Qg2 a5 14. Bd2 a4 15. Nb5
Nf6 16. Bd3 Nxe4 17. Bxe4 f5 18. Bc2 c6 19. Nc3 a3 20. b4 e4 21. dxc6 bxc6 22.
b5 Bf6 23. bxc6 Bh5 24. Bd1 Bf7 25. Rb1 Nxc6 26. Nd5 Bxd5 27. cxd5 Ne5 28. Kf1
Rb8 29. Rb3 Rxb3 30. Bxb3 Qb6 31. Qg3 Nf3 32. Ba5 Qb5+ 33. Kg2 Nh4+ 34. Kg1 Qxa5
35. Ba4+ Qxa4 36. Qxd6 Kf7 0-1

[Event "8th Asrian Memorial 2015"]
[Site "Yerevan ARM"]
[Date "2015.06.19"]
[Round "4.9"]
[White "Hakobyan, Aram"]
[Black "Andriasian, Zaven"]
[Result "1/2-1/2"]
[WhiteTitle "FM"]
[BlackTitle "GM"]
[WhiteElo "2283"]
[BlackElo "2600"]
[WhiteFideId "13306677"]
[BlackFideId "13302000"]
[EventDate "2015.06.16"]

1. d4 Nf6 2. Nf3 g6 3. c4 c5 4. d5 b5 5. Nbd2 bxc4 6. e4 d6 7. Bxc4 Bg7 8. O-O
O-O 9. Qc2 a5 10. Rd1 a4 11. a3 Nbd7 12. Bb5 Nb6 13. h3 Nfd7 14. Nb1 f5 15. Ng5
Nf6 16. Nc3 fxe4 17. Ncxe4 Bf5 18. Qe2 Nxe4 19. Nxe4 Rb8 20. Ng5 Kh8 21. Bd3 Qd7
22. Bb5 Qb7 23. Bc6 Qc7 24. Re1 e5 25. Bd2 Qe7 26. Ne4 Nd7 27. Bg5 Nf6 28. Nc3
h6 29. Be3 Nh7 30. Bxa4 Qh4 31. Bb5 e4 32. a4 Be5 33. g3 Qxh3 34. Qf1 Qh5 35.
Be2 Bg4 36. Nxe4 Rxb2 37. Bxg4 Qxg4 38. Bxh6 Ra8 39. Ra3 g5 40. Kg2 Rb4 41. Nxc5
Qd4 42. Nd3 Qxd5+ 43. Kg1 Rd4 44. Nxe5 1/2-1/2

[Event "8th Asrian Memorial 2015"]
[Site "Yerevan ARM"]
[Date "2015.06.19"]
[Round "4.10"]
[White "Bakunts, Rafael"]
[Black "Grigoryan, Karen H."]
[Result "0-1"]
[BlackTitle "GM"]
[WhiteElo "2270"]
[BlackElo "2590"]
[WhiteFideId "13304097"]
[BlackFideId "13301004"]
[EventDate "2015.06.16"]

1. e4 e5 2. Nf3 Nc6 3. Bb5 a6 4. Ba4 Nf6 5. O-O Be7 6. Re1 b5 7. Bb3 d6 8. c3
O-O 9. d3 Na5 10. Bc2 c5 11. Nbd2 Nc6 12. Nf1 Re8 13. h3 h6 14. d4 Bf8 15. Ng3
Bb7 16. d5 Ne7 17. a4 c4 18. Be3 Nd7 19. b3 cxb3 20. Bxb3 Qc7 21. Qe2 Nc5 22.
Bc2 bxa4 23. Bxa4 Reb8 24. c4 Bc8 25. Rec1 Rb4 26. Bc2 a5 27. Bd2 Rb7 28. Qd1
Bd7 29. Ne2 Ng6 30. Nc3 Nf4 31. Be3 Rb4 32. Na2 Rxc4 33. Nd2 Rd4 34. Bxd4 exd4
35. Nf3 Qd8 36. Nxd4 Qg5 37. Qf3 Nxh3+ 38. Kh1 Qd2 39. gxh3 Qxd4 40. Nc3 a4 41.
Ne2 Qe5 42. Ra3 g6 43. Rb1 Bg7 44. Qg2 Qe8 45. Nc3 Be5 46. Qf3 Qd8 47. Qe3 Qh4
48. Ne2 g5 49. Nd4 Bxh3 50. Nf3 Qg4 51. Rg1 Qh5 52. Nxg5 Bd7+ 53. Nh3+ Kf8 54.
Rb1 Bxh3 55. Qxh3 Qxh3+ 56. Rxh3 a3 57. f4 Bd4 0-1

[Event "8th Asrian Memorial 2015"]
[Site "Yerevan ARM"]
[Date "2015.06.19"]
[Round "4.11"]
[White "Mari Ooriad, Pouya"]
[Black "Zhigalko, Andrey"]
[Result "0-1"]
[BlackTitle "GM"]
[WhiteElo "2200"]
[BlackElo "2586"]
[WhiteFideId "12504726"]
[BlackFideId "13502247"]
[EventDate "2015.06.16"]

1. e4 c5 2. Nf3 d6 3. d4 cxd4 4. Nxd4 Nf6 5. Nc3 a6 6. Bc4 e6 7. Bb3 b5 8. Qf3
Bb7 9. O-O Nbd7 10. Re1 Rc8 11. Bg5 h6 12. Qh3 Rc5 13. Bxf6 Qxf6 14. Rad1 Be7
15. f4 Qxf4 16. Bxe6 fxe6 17. Nxe6 Qe5 18. Nd5 g6 19. Ndf4 Rg8 20. Qxh6 Rxc2 21.
Nd4 Rxb2 22. Nd5 Bd8 23. Qh7 Rg7 24. Qh8+ Nf8 25. Nf3 Rh7 0-1

[Event "8th Asrian Memorial 2015"]
[Site "Yerevan ARM"]
[Date "2015.06.19"]
[Round "4.12"]
[White "Minasian, Artashes"]
[Black "Deslandes, Pascal"]
[Result "1-0"]
[WhiteTitle "GM"]
[BlackTitle "FM"]
[WhiteElo "2488"]
[BlackElo "2287"]
[WhiteFideId "13300040"]
[BlackFideId "605239"]
[EventDate "2015.06.16"]

1. g3 Nf6 2. Bg2 d5 3. Nf3 g6 4. O-O Bg7 5. d3 O-O 6. Nbd2 c5 7. e4 e6 8. Re1
Nc6 9. c3 Qc7 10. Nf1 b5 11. Bf4 Qb6 12. Qd2 dxe4 13. dxe4 Rd8 14. Qc1 Bb7 15.
e5 Nd7 16. h4 c4 17. N1h2 Nc5 18. Be3 Ne7 19. Ng4 Nf5 20. Bxc5 Qxc5 21. Qf4 Qe7
22. Nf6+ Bxf6 23. exf6 Qd6 24. Re5 Rab8 25. Rae1 Bxf3 26. Bxf3 Qd2 27. Qxd2 Rxd2
28. R1e2 Rd1+ 29. Kg2 h5 30. Rc5 Nd6 31. Rxe6 fxe6 32. Bxd1 Rb7 33. Bf3 Rd7 34.
a4 bxa4 35. Ra5 Kf7 36. Rxa4 Kxf6 37. Bc6 Rc7 38. Ra6 Nc8 39. Kf3 Nb6 40. Be4
Nd7 41. Ke3 Nc5 42. Rc6 Rxc6 43. Bxc6 e5 44. Bb5 Nd3 45. b4 Nb2 46. f3 Kf5 47.
Bd7+ Kf6 48. Kd2 Ke7 49. Bc6 Kf6 50. Bd7 Ke7 51. Bb5 Kf6 52. Kc2 Nd3 53. Bxc4
Ne1+ 54. Kd2 Nxf3+ 55. Ke3 Nh2 56. Be2 Ke6 57. Ke4 Ng4 58. Bxg4+ hxg4 59. c4 a6
60. b5 a5 61. b6 Kd6 62. c5+ Kc6 63. Kxe5 1-0